000 04785njm0a2200433 4500
001 RU\NLR\ONIZ\213088
005 20250708192625.0
035 _a(NLR Aleph) 010985881
035 _aRU\NLR\ONIZ\GALA\5000026322\20151118135817
071 0 0 _aД 30927-8
090 _a13283297
_c13283297
100 _a20151118f19001999|||y0rusy50 ca
102 _aRU
126 _aabuxdxu ux
_bxxx
135 _ahonoannnanndn
200 1 _aˆ[‰Поёт] Генрих Шлуснус, баритон
_bЗвукозапись
210 _aМосква
_cМелодия
_d[19--]
225 1 _aВыдающиеся певцы
300 _aАрхивные записи
327 1 _a1. Дуэт Дон Карлоса и ди Позы : ("Дон Карлос", д.1) / Д. Верди ; исполн.: Г. Шлуснус и Х. Розвенге ;
_a2. Сцена смерти ди Позы : ("Дон Карлос", 4 д.) / Д. Верди ;
_a3. Ария Монфора : ("Сицилийская вечерня", д. 3) / Д. Верди ;
_a4. Ария Дон Карлоса : ("Сила судьбы", 3 д.) / Д. Верди.
_a5. Монолог Жерара : ("Андре Шенье", 3 д.) / У. Джоржано.
_a6. Дуэт Рудольфа и Марселя : ("Богема", 4 д.) / Д. Пуччини ; исполн.: К. фон Патаки, тенор
464 0 _12001#$aДуэт Дон Карлоса и ди Позы$e("Дон Карлос", д.1)$fД. Верди$gисполн.: Г. Шлуснус и Х. Розвенге
_150000$aДон Карлос$iДуэт Дон Карлоса и ди Поза$bЗвукозапись$h1-е д.$lопера$rтенор и баритон
_1686##$aЩ942.49-071.2(4Ит)$vLBC/SL$2rubbk
_1701#1$9z03790$aВерди$bД.$gДжузеппе$f1813–1901$3RU\NLR\AUTH\775515$4230
_1702#1$9z04790$aРозвенге$bХ.$gХельге$f1897-1972$4590$4vte
_1790#1$9z03701$aVerdi$bG.$gGiuseppe$f1813–1901$4230
_1790#1$9z04702$aRosvaenge$bH. A.$gHelge Anton$f1897-1972$4590$4vte
_tДуэт Дон Карлоса и ди Позы
464 0 _12001#$aСцена смерти ди Позы$e("Дон Карлос", 4 д.)$fД. Верди
_1686##$aЩ943.2-071.2(4Ит)$vLBC/SL$2rubbk
_1701#1$9z01790$aВерди$bД.$gДжузеппе$f1813–1901$3RU\NLR\AUTH\775515$4230
_1790#1$9z01701$aVerdi$bG.$gGiuseppe$f1813–1901$4230
_tСцена смерти ди Позы
464 0 _12001#$aАрия Монфора$e("Сицилийская вечерня", д. 3)$fД. Верди
_1701#1$9z01790$aВерди$bД.$gДжузеппе$f1813–1901$3RU\NLR\AUTH\775515$4230
_1790#1$9z01701$aVerdi$bG.$gGiuseppe$f1813–1901$4230
_tАрия Монфора
464 0 _12001#$aАрия Дон Карлоса$e("Сила судьбы", 3 д.)$fД. Верди
_150000$aСила судьбы$iАрия Дон Карлоса$bЗвукозапись$hд. 3$lопера$rбаритон
_1686##$aЩ943.2-071.2(4Ит)$vLBC/SL$2rubbk
_1701#1$9z01790$aВерди$bД.$gДжузеппе$f1813–1901$3RU\NLR\AUTH\775515$4230
_1790#1$9z01701$aVerdi$bG.$gGiuseppe$f1813–1901$4230
_tАрия Дон Карлоса
464 0 _12001#$aМонолог Жерара$e("Андре Шенье", 3 д.)$fУ. Джоржано
_150000$aАндре Шенье$iМонолог Жерара$bЗвукозапись$lопера$rбаритон
_1686##$aЩ943.2-071.2(4Ит)$vLBC/SL$2rubbk
_1701#1$9z02790$aДжордано$bУ.$gУмберто$f1867-1948$4230
_1790#1$9z02701$aGiordano$bU.$gUmberto$f1867-1948$4230
_tМонолог Жерара
464 0 _12001#$aДуэт Рудольфа и Марселя$e("Богема", 4 д.)$fД. Пуччини$gисполн.: К. фон Патаки, тенор
_150000$aБогема$iДуэт Рудольфа и Марселя$bЗвукозапись$h4 д.$lопера$rтенор и баритон
_1686##$aЩ942.49-071.2(4Ит)$vLBC/SL$2rubbk
_1701#1$9z01790$aПуччини$bДж.$gДжакомо$f1858-1924$4230
_1702#1$9z02790$aПатаки$bК. фон$gКоломан фон$f1896-1964$4590$4vte
_1790#1$9z01701$aPuccini$bG.$gGiacomo$f1858-1924$4230
_1790#1$9z02702$aPataky$bK.$gKalaman$f1896-1964$4590$4vte
_tДуэт Рудольфа и Марселя
606 1 _aИсполнительское искусство зарубежное Вокалисты
_xЗвукозапись
_yГермания
_z20 в.
_2nlr_sh
686 _aЩ943.2, 8(3)
_vLBC/SL
_2rubbk
700 1 _9z01790
_aШлуснус
_bГ.
_f1888-1952
_gГенрих
_4590
_4vbr
790 1 _9z01700
_aSchlusnus
_bH.
_f1888-1952
_gHeinrich
_4590
_4vbr
801 0 _aRU
_bNLR
_c20151118
_gPSBO
801 1 _aRU
_bNLR
_c20151118
_2rusmarc
801 2 _aRU
_bNLR
_c20190620
852 _aNLR
_bМг
_j2/2646
_p38299
_t1
942 _cREC
980 _aNB
980 _aONIZ